<?xml version="1.0" encoding="UTF-8"?>
<collection xmlns="http://www.loc.gov/MARC21/slim">
 <record>
  <leader>07497nam a2200421 a 4500</leader>
  <controlfield tag="001">kal3553</controlfield>
  <controlfield tag="003">Gr-AtHEAL</controlfield>
  <controlfield tag="005">20160505125756.0</controlfield>
  <controlfield tag="006">m        d        </controlfield>
  <controlfield tag="008">160413s2015    gr      s           gre|c</controlfield>
  <datafield tag="020" ind1=" " ind2=" ">
   <subfield code="a">9789606033384</subfield>
  </datafield>
  <datafield tag="040" ind1=" " ind2=" ">
   <subfield code="a">GR-AtHEAL</subfield>
   <subfield code="b">gre</subfield>
   <subfield code="c">GR-AtHEAL</subfield>
  </datafield>
  <datafield tag="082" ind1="0" ind2="4">
   <subfield code="a">333.79</subfield>
   <subfield code="2">23</subfield>
  </datafield>
  <datafield tag="100" ind1="1" ind2=" ">
   <subfield code="a">Κατσαπρακάκης, Δημήτριος.</subfield>
   <subfield code="8">2637</subfield>
  </datafield>
  <datafield tag="245" ind1="1" ind2="0">
   <subfield code="a">Σύνθεση ενεργειακών συστημάτων</subfield>
   <subfield code="h">[Ηλεκτρονικός πόρος] </subfield>
   <subfield code="c">Κατσαπρακάκης, Δημήτριος ; Κριτικός αναγνώστης,Καλλίγερος, Σταμάτιος ; Γλωσσική επιμέλεια,Νίκα, Ελένη.</subfield>
  </datafield>
  <datafield tag="260" ind1=" " ind2=" ">
   <subfield code="a">Αθήνα :</subfield>
   <subfield code="b">Σύνδεσμος Ελληνικών Ακαδημαϊκών Βιβλιοθηκών,</subfield>
   <subfield code="c">c2015.</subfield>
  </datafield>
  <datafield tag="490" ind1=" " ind2=" ">
   <subfield code="a">Ακαδημαϊκά Ηλεκτρονικά Συγγράμματα και Βοηθήματα Κάλλιπος</subfield>
   <subfield code="8">40</subfield>
  </datafield>
  <datafield tag="505" ind1=" " ind2=" ">
   <subfield code="a">1. Σύνθεση ενεργειακών συστημάτων: Εισαγωγικές έννοιες2. Συμβατικοί σταθμοί παραγωγής ηλεκτρικής ενέργειας3. Υβριδικοί σταθμοί ηλεκτρικής ενέργειας4. Συμπαραγωγή ηλεκτρισμού και θερμότητας5. Υβριδικοί σταθμοί παραγωγής θερμικής ισχύος6. Η ενέργεια ως καταναλωτικό αγαθό</subfield>
  </datafield>
  <datafield tag="520" ind1=" " ind2=" ">
   <subfield code="a">Το βιβλίο πραγματεύεται θέματα που αφορούν στη συνδυασμένη λειτουργία μηχανών μετατροπής ενέργειας. Σε ένα εισαγωγικό κεφάλαιο θα δίνονται ορισμοί για βασικά μεγέθη που εμπλέκονται στη μελέτη ενεργειακών συστημάτων και γενικότερα στη μετατροπή ενέργειας, όπως πρωτογενής και τελική ενέργεια, συνολική μέση και στιγμιαία απόδοση ενεργειακών μηχανών και συστημάτων κλπ. Επίσης θα ορίζονται και θα εξετάζονται οι δύο βασικές συνδεσμολογίες συνδυασμένης λειτουργίας ενεργειακών μηχανών:• συνδεσμολογία εν σειρά• συνδεσμολογία παράλληλα για τις οποίες θα αναπτύσσονται σχέσεις και βασικές αρχές που ισχύουν και καθορίζουν βασικά χαρακτηριστικά του συνολικού ενεργειακού συστήματος (π.χ. συνολικός βαθμός απόδοσης, συνολική εξερχόμενη και εισερχόμενη ισχύς κλπ).Στη συνέχεια το βιβλίο εξειδικεύεται εξετάζοντας σε επιμέρους κεφάλαια βασικά και συγκεκριμένα ενεργειακά συστήματα συγκεντρωμένης ή αποκεντρωμένης παραγωγής που αφορούν σε δύο κύριες τελικές μορφές ενέργειας που καταναλώνονται από ανθρώπινες δραστηριότητες: την ηλεκτρική και τη θερμική. Έτσι θα εξεταστούν θέματα όπως:• συμβατικά συστήματα ηλεκτρικής ενέργειας από θερμοηλεκτρικούς σταθμούς (σύνθεση συστημάτων, ένταξη μονάδων, ευστάθεια και ασφάλεια συστημάτων, κανόνες λειτουργίας τους κλπ)• ένταξη μονάδων μη εγγυημένης παραγωγής, κυρίως τεχνολογίες Ανανεώσιμων Πηγών Ενέργειας (Α.Π.Ε.), σε συστήματα ηλεκτρικής ενέργειας• υβριδικοί σταθμοί Α.Π.Ε. παραγωγής ηλεκτρικής ή θερμικής ενέργειας, μικρού και μεγάλου μεγέθους, βελτιστοποίηση διαστασιολόγησής τους με διαφορετικά κριτήρια (οικονομικά ή ενεργειακά) για συγκεντρωμένη ή αποκεντρωμένη παραγωγή (π.χ. εφαρμογές στον κτηριακό τομέα)• συμπαραγωγή ηλεκτρισμού και θερμότητας.Όπως γίνεται αντιληπτό, το βιβλίο αποσκοπεί στην παρουσίαση βασικών και άμεσα εφαρμόσιμων στην πράξη μεθόδων βελτιστοποίησης διαστασιολόγησης ενεργειακών συστημάτων και στη σύγκριση της λειτουργίας τους με συμβατικές τεχνολογίες παραγωγής ηλεκτρικής ή θερμικής ενέργειας σε μεγάλη και μικρή κλίμακα.</subfield>
  </datafield>
  <datafield tag="650" ind1=" " ind2="0">
   <subfield code="a">Power resources</subfield>
   <subfield code="8">2786</subfield>
  </datafield>
  <datafield tag="653" ind1=" " ind2=" ">
   <subfield code="a">Αποθήκευση ενέργειας</subfield>
  </datafield>
  <datafield tag="653" ind1=" " ind2=" ">
   <subfield code="a">Εξοικονόμηση ενέργειας</subfield>
  </datafield>
  <datafield tag="653" ind1=" " ind2=" ">
   <subfield code="a">Διείσδυση ΑΠΕ σε ενεργειακά συστήματα</subfield>
  </datafield>
  <datafield tag="653" ind1=" " ind2=" ">
   <subfield code="a">Βελτιστοποίηση σχεδίασης ενεργειακών συστημάτων</subfield>
  </datafield>
  <datafield tag="653" ind1=" " ind2=" ">
   <subfield code="a">Υβριδικοί σταθμοί</subfield>
  </datafield>
  <datafield tag="653" ind1=" " ind2=" ">
   <subfield code="a">Σύνθεση ενεργειακώ συστημάτων</subfield>
  </datafield>
  <datafield tag="653" ind1=" " ind2=" ">
   <subfield code="a">Τεχνολογία και επιστήμες μηχανικών</subfield>
   <subfield code="a">Μηχανολογική μηχανική και τεχνολογία</subfield>
   <subfield code="a">Θέρμανση - ψύξη- κλιματισμός</subfield>
  </datafield>
  <datafield tag="653" ind1=" " ind2=" ">
   <subfield code="a">Τεχνολογία και επιστήμες μηχανικών</subfield>
   <subfield code="a">Ηλεκτρολογία, ενεργειακή τεχνολογία και μηχανική</subfield>
   <subfield code="a">Αποθήκευση ενέργειας</subfield>
  </datafield>
  <datafield tag="653" ind1=" " ind2=" ">
   <subfield code="a">Τεχνολογία και επιστήμες μηχανικών</subfield>
   <subfield code="a">Ηλεκτρολογία, ενεργειακή τεχνολογία και μηχανική</subfield>
   <subfield code="a">Ανανεώσιμες πηγές ενέργειας</subfield>
  </datafield>
  <datafield tag="653" ind1=" " ind2=" ">
   <subfield code="a">Τεχνολογία και επιστήμες μηχανικών</subfield>
   <subfield code="a">Ηλεκτρολογία, ενεργειακή τεχνολογία και μηχανική</subfield>
   <subfield code="a">Ανάκτηση θερμότητας</subfield>
  </datafield>
  <datafield tag="653" ind1=" " ind2=" ">
   <subfield code="a">Τεχνολογία και επιστήμες μηχανικών</subfield>
   <subfield code="a">Ηλεκτρολογία, ενεργειακή τεχνολογία και μηχανική</subfield>
   <subfield code="a">Σταθμοί παραγωγής ηλεκτρικής ενέργειας</subfield>
  </datafield>
  <datafield tag="653" ind1=" " ind2=" ">
   <subfield code="a">Τεχνολογία και επιστήμες μηχανικών</subfield>
   <subfield code="a">Ηλεκτρολογία, ενεργειακή τεχνολογία και μηχανική</subfield>
   <subfield code="a">Διαχείριση ενέργειας</subfield>
  </datafield>
  <datafield tag="700" ind1="1" ind2=" ">
   <subfield code="a">Καλλίγερος, Σταμάτιος</subfield>
   <subfield code="e">Κριτικός αναγνώστης</subfield>
   <subfield code="8">2638</subfield>
  </datafield>
  <datafield tag="856" ind1="4" ind2="0">
   <subfield code="u">http://hdl.handle.net/11419/3553</subfield>
   <subfield code="z">Πλήρες Κείμενο - Full text</subfield>
  </datafield>
  <datafield tag="907" ind1=" " ind2=" ">
   <subfield code="a">.b25678905</subfield>
   <subfield code="b">12-06-18</subfield>
   <subfield code="c">29-07-16</subfield>
  </datafield>
  <datafield tag="949" ind1=" " ind2=" ">
   <subfield code="0">0</subfield>
   <subfield code="1">0</subfield>
   <subfield code="2">ddc</subfield>
   <subfield code="4">0</subfield>
   <subfield code="6">333_790000000000000_KAT</subfield>
   <subfield code="7">0</subfield>
   <subfield code="8">KALL</subfield>
   <subfield code="8">649</subfield>
   <subfield code="d">2016-04-13</subfield>
   <subfield code="r">2016-04-13</subfield>
   <subfield code="w">2016-04-13</subfield>
   <subfield code="z">333.79 KAT</subfield>
   <subfield code="o">SEAB KALLIPOS</subfield>
  </datafield>
  <datafield tag="998" ind1=" " ind2=" ">
   <subfield code="a">80</subfield>
   <subfield code="a">01</subfield>
   <subfield code="a">02</subfield>
   <subfield code="a">03</subfield>
   <subfield code="a">04</subfield>
   <subfield code="a">05</subfield>
   <subfield code="a">06</subfield>
   <subfield code="a">07</subfield>
   <subfield code="a">08</subfield>
   <subfield code="a">09</subfield>
   <subfield code="a">10</subfield>
   <subfield code="a">11</subfield>
   <subfield code="a">12</subfield>
   <subfield code="a">13</subfield>
   <subfield code="a">14</subfield>
   <subfield code="a">15</subfield>
   <subfield code="a">16</subfield>
   <subfield code="a">17</subfield>
   <subfield code="a">18</subfield>
   <subfield code="a">19</subfield>
   <subfield code="a">20</subfield>
   <subfield code="a">21</subfield>
   <subfield code="a">22</subfield>
   <subfield code="a">23</subfield>
   <subfield code="a">24</subfield>
   <subfield code="a">25</subfield>
   <subfield code="a">26</subfield>
   <subfield code="b">12-05-17</subfield>
   <subfield code="c">m</subfield>
   <subfield code="d">z  </subfield>
   <subfield code="e">-</subfield>
   <subfield code="f">gre</subfield>
   <subfield code="g">gr </subfield>
   <subfield code="h">0</subfield>
  </datafield>
  <datafield tag="942" ind1=" " ind2=" ">
   <subfield code="2">ddc</subfield>
   <subfield code="c">KALLIPOS</subfield>
  </datafield>
 </record>
</collection>
